000 00344nas a2200157 a 4500
001 87475
003 165582
005 20201118112356.0
008 ||||||n9999 ||| || ||
245 0 _aTime - Vol.160 No.20
260 _aEstados Unidos :
562 _e1
773 _021966
_aTime
942 _cSISS
999 _c87475
_d87475